Представление документа в формате RUSMARC

ПолеНазваниеЗначение
  Тип записи a
  Библиографический уровень a
001 Контрольный номер RU/CBS_UL/BASE/556883799
005 Дата корректировки 20240209175112.6
100 Данные общей обработки __
a Данные общей обработки 20170824d2017 ||| 0rusy0189 ca
101 Язык документа 0_
a Язык текста rus
102 Страна публикации __
a Страна публикации RU
105 Кодированные данные (монография) __
a Кодированные данные (монография) y###||||000|y
200 Заглавие и сведения об ответственности 1_
a Заглавие Три собаки и волк
e Сведения, относящиеся к заглавию [таджикская притча]
300 Общие примечания __
a Общие примечания Ограничения по возрасту - 0+
461 Уровень набора _0
1 2000
a Симбик
463 Уровень физической единицы _0
1 001RU/CBS_UL/BASE/556819318
1 2000
a № 8
v С. 29
1 210
d 2017
606 Тематические рубрики 0_
a Основная рубрика Таджикский фольклор
610 Ключевые слова 0_
a Ключевые слова фольклор
610 Ключевые слова 0_
a Ключевые слова таджикский фольклор
610 Ключевые слова 0_
a Ключевые слова народная мудрость
610 Ключевые слова 0_
a Ключевые слова притчи
610 Ключевые слова 0_
a Ключевые слова таджикские притчи
686 Индексы других классификаций __
a Классификационный индекс 82.3(3)
2 Код системы ББК
801 Источник записи _0
a Страна RU
b Организация МБУК ЦБС г. Ульяновска
c Дата составления 20170824
g Правила каталогизации RCR
801 Источник записи _1
a Страна RU
b Организация МБУК ЦБС г. Ульяновска
c Дата составления 20170824
g Правила каталогизации RCR
901 Тип документа __
t Тип документа b
w Контрольный № источника RU/CBS_UL/BASE/556819318
910 Корректоры записи __
a Корректор записи Сидоркина
938 Служебная информация __
a Имя БД kraeved